Изучение структуры и физико-химических свойств полимерных гелей; Синтез изотактического полиметилметакрилата в различных условиях: Промежуточный отчет о НИР; Тема: № 5-59/80

Bibliografiske detaljer
Institution som forfatter: Томский политехнический институт (ТПИ) (595)
Andre forfattere: Лопатинский В. П. (руководитель), Несын Г. В. (исполнитель)
Sprog:russisk
Udgivet: Томск, 1982
Fag:
Format: Bog
KOHA link:https://koha.lib.tpu.ru/cgi-bin/koha/opac-detail.pl?biblionumber=156210

MARC

LEADER 00000nbm0a2200000 4500
001 156210
005 20231031152950.0
029 0 0 |a SU  |b 01820071902  |f ТПУ 
035 |a (RuTPU)RU\TPU\book\169422 
090 |a 156210 
100 |a 20090324d1982 k y0rusy50 ca 
101 0 |a rus 
102 |a RU 
105 |a a p 001zy 
200 1 |a Изучение структуры и физико-химических свойств полимерных гелей  |a Синтез изотактического полиметилметакрилата в различных условиях  |e Промежуточный отчет о НИР  |e Тема: № 5-59/80  |f Томский политехнический институт (ТПИ) ; руководитель В. П. Лопатинский ; Г. В. Несын 
210 |a Томск  |d 1982 
215 |a 54 л. 
320 |a Библиогр.: с. 54. 
610 1 |a отчеты о НИР 
610 1 |a анионная полимеризация 
610 1 |a метилметакрилаты 
610 1 |a изотактический полиметилметакрилат 
610 1 |a катализаторы 
610 1 |a вязкость 
610 1 |a температура 
610 1 |a выходы полимеров 
610 1 |a молекулярная масса 
610 1 |a ЯМР-спектроскопия 
675 |a 678.744(04)  |v 3 
702 1 |a Лопатинский  |b В. П.  |4 673 
702 1 |a Несын  |b Г. В.  |4 677 
712 0 2 |a Томский политехнический институт (ТПИ)  |c (1944-1991)  |2 stltpush  |3 (RuTPU)RU\TPU\col\1123  |4 595 
801 1 |a RU  |b 63413507  |c 20090324  |g PSBO 
801 2 |a RU  |b 63413507  |c 20090923  |g PSBO 
942 |c BK